Quick Pick: Billy Joel Songs Quiz Stats

 Plays Quiz Updated Jul 13, 2018

Challenge
Share
Tweet
Embed
Score 0/20 Timer 01:00
2 Plays Today
% Correct
Good
92.1%
Fire
92.1%
Way
92%
State
91.6%
Her
90.1%
Still
88.5%
Uptown
87.8%
Piano
87.8%
Woman
87.2%
Right
81.7%
% Correct
She's
78.7%
Movin'
74.9%
Trust
71.1%
Longest
70.7%
Dreams
69.3%
Life
67.1%
Tender
66.1%
Hollywood
65.9%
Saigon
60.6%
Downeaster
52.8%

Today's Daily Dose

Missing Word
Hayao Miyazaki

Word Ladder
Florida

On This Day
December 13th II

You're not logged in!

Compare scores with friends on all Sporcle quizzes.
OR
Log In

You Might Also Like...

Show Comments

Extras

Top Quizzes Today


Score Distribution

Your Account Isn't Verified!

In order to create a playlist on Sporcle, you need to verify the email address you used during registration. Go to your Sporcle Settings to finish the process.

Report this User

Report this user for behavior that violates our Community Guidelines.

Details: